Pohjois-Pohjanmaan kirkot kuvavisa - Statistics

Yleistilastot
  • Tätä visaa on pelattu 39 kertaa
  • Keskiarvotulos 7 / 51
Vastaustilastot
Kuvavisa Vastaus % Oikein
Oulun tuomiokirkko
57%
Kalajoen kirkko
43%
Pyhän kolminaisuuden kirkko
32%
Karjasillan kirkko
29%
Lumijoen kirkko
29%
Hailuodon kirkko
25%
Raahen kirkko
25%
Ylivieskan kirkko
25%
Haapajärven kirkko
21%
Kastellin kirkko, Oulunsuun kirkko
21%
Kempeleen vanha kirkko
18%
Kiimingin kirkko
18%
Muhoksen kirkko
18%
Siikajoen kirkko
18%
Turkansaaren kirkko
18%
Tyrnävän kirkko
18%
Iin kirkko
14%
Limingan kirkko
14%
Oulaisten kirkko
14%
Pyhäjoen kirkko
14%
Utajärven kirkko
14%
Ylikiimingin kirkko
14%
Alavieskan kirkko
11%
Haapaveden kirkko
11%
Nivalan kirkko
11%
Oulujoen kirkko
11%
Oulunsalon kirkko
11%
Pyhän Andreaan kirkko
11%
Pyhän Tuomaan kirkko
11%
Sievin kirkko
11%
Taivalkosken kirkko
11%
Haukiputaan kirkko
7%
Himangan kirkko
7%
Kärsämäen kirkko
7%
Kestilän kirkko
7%
Pudasjärven kirkko
7%
Pyhäjärven kirkko
7%
Pyhännän kirkko
7%
Reisjärven kirkko
7%
Vaalan kirkko
7%
Yli-Iin kirkko
7%
Kuivaniemen kirkko
4%
Kuusamon kirkko
4%
Merijärven kirkko
4%
Paavolan kirkko
4%
Pattijoen kirkko
4%
Piippolan kirkko
4%
Pulkkilan kirkko
4%
Rantsilan kirkko
4%
Revonlahden kirkko
4%
Vihannin kirkko
4%
Ehtoja vastaavia visoja ei löytynyt
Tulosjakauma
Jokaisen tuloksen saaneiden osuus
Persentiili vastausten määrän mukaan
Tuloshistoriasi
Et ole pelannut tätä visaa